000 00827cab a2200229 4500
001 WB3220-03
008 090401t1996 xxu||||| |||| 00| 0 eng d
035 _a(Sirsi) u8047
041 _aeng
245 _aClients aid defects database
260 _c1996
350 _a0
490 _aBuilding
_v261(21) 24 May 1996, 13(1)
520 _aThe BRE Construction Quality Forum and the Construction Clients Forum are setting up a database for information on defects in offices and educational premises built over the last ten years. The 15-month DoE-backed project is aimed at reducing defect costs.
650 _aBUILDING DEFECTS
650 _aCONSTRUCTION CLIENTS FORUM
650 _aCONSTRUCTION QUALITY FORUM
650 _aCOSTS
690 _aBUILT ENVIRONMENT-BUILDING PATHOLOGY
942 _n0
948 _c04/03/1997
999 _c4903
_d4903